| 000 | 01085cam a22002295a 4500 | ||
|---|---|---|---|
| 001 | L138248 | ||
| 008 | 070524s1976 xxk f g f000 0 eng d | ||
| 020 | _a0110616766 | ||
| 035 | _a(Sirsi) u138248 | ||
| 041 | 0 | _aeng | |
| 050 | 0 | 4 | _a692.2 $2 18 |
| 110 | 1 |
_aUnited Kingdom _kLaws, etc _95044 |
|
| 245 | 0 | 4 | _aThe building regulations 1976 |
| 260 |
_aLondon _bHMSO _c1976 |
||
| 300 |
_a308p. _c25cm. |
||
| 490 | 0 |
_aStatutory Instruments _v2007: 1676 |
|
| 520 | _aCame into force 31 January 2007. These regulations affect the erection of buildings, alterations and extensions, works and fittings and change of use. They contain procedures for filing plans, notice of commencement and detailing materials suitability of building materials. Regulations apply to site preparation, structural stability, fire safety, thermal and sound insulation, internal constructions, refuse disposal, ventilation and room height, and fireplace-related affects. | ||
| 650 | 2 | 4 | _aBUILDING REGULATIONS 1976 |
| 651 | 4 |
_aEngland and Wales _y1543- |
|
| 690 |
_aBuilding regulations _96224 |
||
| 942 | _n0 | ||
| 999 |
_c107079 _d107079 |
||